00683 2200193 4500001002100000005001500021035002000036008004100056245003500097100001300132250000600145260003100151300001200182084001400194082000800208650001000216520025100226990001200477INLIS00000000000101220240528093830 a0010-0524000247240528 1 ind 1 aBalada Sungai Musi /cMarga T. aMarga T. a1 aJakarta :bGramedia,c2005 a320 hlm a813 MAR b a813 4aFiksi a...Biran mengatakan bahwa engkau amat baik pada orang yang kausukai. Bolehkah aku berharap akan mendapatkan pula kebaikan hatimu? Bila demikian, aku akan menantikan suratmu. Tak ada kebaikanmu yang lebih kurasakan daripada membalas suratku ini... a0743989